000 00291nam a22001217a 4500
005 20251002121822.0
008 251002b |||||||| |||| 00| 0 eng d
040 _cPK-LaNCA
082 _a712
_bLAN
245 _aLandscape design : a practical approach
650 _aArchitecture
942 _cBK
999 _c66758
_d66758